Estaciones Línea 1 Metro Santiago de Chile - Estadísticas

Estadísticas generales
  • Esta prueba ha sido intentada 48 veces
  • La puntuación promedio es 21 de 27
Respuestas en el mapa
Las respuestas están codificadas por una escala verde-roja en el mapa de la prueba según el % correcto abajo.
 
Estadísticas de respuestas
S Estación % Correcto
L1 Los Dominicos
91%
C Baquedano
87%
C Los Leones
87%
L1 Universidad Católica
87%
C Universidad de Chile
87%
C Estación Central
83%
L1 La Moneda
83%
C Los Héroes
83%
L1 Salvador
83%
C San Pablo
83%
L1 Manquehue
78%
L1 Pedro de Valdivia
78%
L1 Santa Lucía
78%
L1 Ecuador
74%
L1 Escuela Militar
74%
L1 Manuel Montt
74%
L1 República
74%
L1 Unión Latinoamericana
74%
L1 Alcántara
70%
L1 El Golf
70%
L1 Hernando de Magallanes
70%
L1 Pajaritos
70%
C Tobalaba
70%
L1 Las Rejas
65%
L1 Neptuno
61%
L1 San Alberto Hurtado
61%
L1 Universidad de Santiago
61%
No se encontraron pruebas coincidentes
Distribución de puntuación
Porcentaje de gente con cada puntuación
Porcentaje por número respondido
Historial de tus puntuaciones
No has intentado esta prueba.